MMA record of Anderson Silva - Statistics

General Stats
  • This quiz has been taken 14 times
  • The average score is 20 of 46
Answer Stats
Event Opponent Result % Correct
UFC 162 Chris Weidman Loss
100%
UFC 168 Chris Weidman Loss
100%
UFC 200 Daniel Cormier Loss
100%
UFC 234 Israel Adesanya Loss
100%
UFC Fight Night: Silva vs. ******* Michael Bisping Loss
92%
UFC 117 Chael Sonnen Win
83%
UFC 148 Chael Sonnen Win
83%
UFC 82 Dan Henderson Win
83%
UFC 208 Derek Brunson Win
75%
UFC 101 Forrest Griffin Win
75%
UFC 64 Rich Franklin Win
75%
UFC 77 Rich Franklin Win
75%
UFC 126 Vitor Belfort Win
75%
UFC Fight Night 5 Chris Leben Win
67%
UFC 112 Demian Maia Win
67%
Rumble on the Rock 8 Yushin Okami Loss
67%
UFC 134 Yushin Okami Win
67%
UFC 237 Jared Cannonier Loss
58%
UFC 183 Nick Diaz No Contest
58%
UFC 153 Stephan Bonnar Win
58%
UFC Fight Night: **** vs. Silva Uriah Hall Loss
58%
UFC 90 Patrick Côté Win
50%
UFC 73 Nate Marquardt Win
42%
Pride 25 Carlos Newton Win
33%
UFC 97 Thales Leites Win
33%
Cage Rage 8 Lee Murray Win
25%
UFC 67 Travis Lutter Win
25%
Pride 22 Alexander Otsuka Win
17%
Pride 21 Alex Stiebling Win
17%
Shooto 7 Hayato Sakurai Win
17%
UFC Fight Night: Silva vs. ***** James Irvin Win
17%
Cage Rage 16 Tony Fryklund Win
17%
Mecca 4 Claudionor Fontinelle Win
8%
Cage Rage 14 Curtis Stout Win
8%
Pride 26 Daiju Takase Loss
8%
Mecca 5 Israel Albuquerque Win
8%
Gladiator 2 Jeremy Horn Win
8%
Cage Rage 11 Jorge Rivera Win
8%
Mecca 2 Jose Barreto Win
8%
Mecca 1 Luiz Azeredo Loss
8%
Mecca 6 Roan Carneiro Win
8%
Pride Shockwave 2004 Ryo Chonan Loss
8%
Shooto 2 Tetsuji Kato Win
8%
BFC 1 Fabrício Camões Win
0%
BFC 1 Raimundo Pinheiro Win
0%
Conquista Fight 1 Waldir dos Anjos Win
0%
No matching quizzes found
Score Distribution
Percent of People with Each Score
Percentile by Number Answered
Your Score History
You have not taken this quiz